000 00348nam a2200133 a 4500
005 20140412111419.0
008 070906s19uu xx 00 eng d
020 _a1-59060-459-8
050 _aTR(PS E
_bTw92
245 _aTwinkle, Twinkle little star.
260 _aNew York :
_bPlaymore inc.
440 _aSpin a song storybook
999 _c105951
_d105951